| 000 | 01464nam a2200433 c 4500 | ||
|---|---|---|---|
| 001 | 47823 | ||
| 003 | ES-MaCES | ||
| 005 | 20160624140803.0 | ||
| 007 | cr ||||||||||| | ||
| 008 | 160623s2016 sp r o000 ||spa d | ||
| 017 |
_aM 7615--2012 _bDL |
||
| 040 |
_aES-MaCES _bspa _cES-MaCES |
||
| 100 | 1 |
_913146 _aGarrido Medina, Luis |
|
| 245 | 1 | 0 |
_aRecuperar para el empleo a los trabajadores menos cualificados _c[Luis Garrido, Rodolfo Gutiérrez] |
| 260 |
_aMadrid _bCírculo Cívico de Opinión _c2016 |
||
| 300 |
_a42 p. _bgráf. bl. y n. _c30 cm _e1 documento pdf (5,11 mb) |
||
| 490 | 1 |
_aCuadernos _v16 |
|
| 504 | _aBibliografía: p. 37 | ||
| 541 | _cGratuito | ||
| 650 | 4 |
_aempleo _928299 |
|
| 650 | 4 |
_adesempleo _928308 |
|
| 650 | 4 |
_afomento del empleo _930270 |
|
| 650 | 4 |
_atrabajador no calificado _928425 |
|
| 650 | 4 |
_anivel educativo _927448 |
|
| 650 | 4 |
_apobreza _927112 |
|
| 650 | 4 |
_aexclusión social _930629 |
|
| 650 | 4 |
_agastos sociales _930633 |
|
| 650 | 4 |
_aEspaña _926964 |
|
| 650 | 4 |
_apaís de la UE _929020 |
|
| 650 | 4 |
_acomparación _928892 |
|
| 650 | 4 |
_a2010-2015 _932005 |
|
| 653 | 1 | 0 | _aEmpleo |
| 700 | 1 |
_914347 _aGutiérrez Palacios, Rodolfo |
|
| 710 | 2 |
_aCírculo Cívico de Opinión _eed. _937021 |
|
| 830 | 0 |
_aCuadernos (Círculo Cívico de Opinión) _v16 _937020 |
|
| 856 | 4 |
_uhttp://biblioteca.ces.es/repintra/B47823.pdf _ytexto completo _z[intranet] |
|
| 902 | _aDOC Literatura gris | ||
| 942 |
_2CES _cBK _h2.1. |
||
| 999 |
_c47823 _d47823 |
||